<?xml version="1.0" encoding="UTF-8"?>
<record
    xmlns:xsi="http://www.w3.org/2001/XMLSchema-instance"
    xsi:schemaLocation="http://www.loc.gov/MARC21/slim http://www.loc.gov/standards/marcxml/schema/MARC21slim.xsd"
    xmlns="http://www.loc.gov/MARC21/slim">

  <leader>01555nam a2200205 a 4500</leader>
  <controlfield tag="008">190916s2015    ag ||||gr|||| 00| 1 spa d</controlfield>
  <datafield tag="020" ind1=" " ind2=" ">
    <subfield code="a">9789504936763</subfield>
  </datafield>
  <datafield tag="041" ind1=" " ind2=" ">
    <subfield code="a">spa</subfield>
  </datafield>
  <datafield tag="092" ind1=" " ind2=" ">
    <subfield code="c">808</subfield>
    <subfield code="l">26</subfield>
    <subfield code="s">FON</subfield>
  </datafield>
  <datafield tag="100" ind1="1" ind2=" ">
    <subfield code="a">Fontanarrosa, Roberto.</subfield>
    <subfield code="9">4089</subfield>
  </datafield>
  <datafield tag="245" ind1="4" ind2=" ">
    <subfield code="a">Una lecci&#xF3;n de vida y otros cuentos /</subfield>
    <subfield code="c">Roberto Fontanarrosa</subfield>
  </datafield>
  <datafield tag="250" ind1=" " ind2=" ">
    <subfield code="a">2a ed.</subfield>
  </datafield>
  <datafield tag="260" ind1=" " ind2=" ">
    <subfield code="a">Buenos Aires:</subfield>
    <subfield code="b">Planeta;</subfield>
    <subfield code="c">2015.</subfield>
  </datafield>
  <datafield tag="300" ind1=" " ind2=" ">
    <subfield code="a">328 p.</subfield>
    <subfield code="b">21x13cm</subfield>
  </datafield>
  <datafield tag="500" ind1=" " ind2=" ">
    <subfield code="a">Fontanarrosa, R. (2015). Una lecci&#xF3;n de vida y otros cuentos. (2a ed.). Buenos Aires : Planeta. </subfield>
  </datafield>
  <datafield tag="505" ind1=" " ind2=" ">
    <subfield code="a">"&#xA1;Conozco hombres mayores de cuanta a&#xF1;os que todav&#xED;a andan por la calle con el sonajero aferrado en la mano para que no se lo quiten! &#xA1;Hombres de cuarenta a&#xF1;os, yo los he visto! Por eso siempre me hizo re&#xED;r mucho la est&#xFA;pida pretensi&#xF3;n del comunismo de terminar con la propiedad privada. D&#xE9;le usted a un perro una pelotita de goma y luego intente sac&#xE1;rsela. Y son perros que han le&#xED;do a Marx, cr&#xE9;amelo". El profesor Reiener diserta en una mesa de caf&#xE9; sobre la nefasta influencia de las revistas femeninas en las mujeres. &#xBF;Sorprender a la pareja cada d&#xED;a?, &#xBF;Intentar vencer la rutina? Todas falacias que ocultan la verdad. Borzone, su oyente, est&#xE1; a punto de casarse y all&#xED; recibir&#xE1; "una lecci&#xF3;n de vida": la base del matrimonio es la infidelidad. Una lecci&#xF3;n de vida y otros cuentos incluye adem&#xE1;s "El verde con los botones forrados", "Toro en Rosario", "Consejos de un padre", entre otros. </subfield>
  </datafield>
  <datafield tag="590" ind1=" " ind2=" ">
    <subfield code="a">Donaci&#xF3;n septiembre 2019.</subfield>
  </datafield>
  <datafield tag="655" ind1=" " ind2=" ">
    <subfield code="a">Literatura</subfield>
    <subfield code="9">2917</subfield>
  </datafield>
  <datafield tag="942" ind1=" " ind2=" ">
    <subfield code="2">ddc</subfield>
    <subfield code="c">LIT</subfield>
  </datafield>
  <datafield tag="999" ind1=" " ind2=" ">
    <subfield code="c">3047</subfield>
    <subfield code="d">3047</subfield>
  </datafield>
  <datafield tag="952" ind1=" " ind2=" ">
    <subfield code="0">0</subfield>
    <subfield code="1">0</subfield>
    <subfield code="2">ddc</subfield>
    <subfield code="4">0</subfield>
    <subfield code="7">0</subfield>
    <subfield code="a">BFM</subfield>
    <subfield code="b">BFM</subfield>
    <subfield code="c">CR</subfield>
    <subfield code="d">2019-09-16</subfield>
    <subfield code="e">Donaci&#xF3;n septiembre 2019.</subfield>
    <subfield code="l">0</subfield>
    <subfield code="o">808 26 FON</subfield>
    <subfield code="p">4580</subfield>
    <subfield code="r">2019-09-16</subfield>
    <subfield code="t">Ej. 1</subfield>
    <subfield code="w">2019-09-16</subfield>
    <subfield code="y">LIT</subfield>
    <subfield code="z">Proyecto 4to libro Donaci&#xF3;n . Septiembre 2019.</subfield>
  </datafield>
</record>
